| 000 | 00967nam a22002657a 4500 | ||
|---|---|---|---|
| 005 | 20240530110504.0 | ||
| 008 | 150516s2010 ua a f b 000 0 ara d | ||
| 017 |
_a7876 _bمصر . دار الكتب المصرية |
||
| 020 | _a9770526622 | ||
| 040 | _aEG-CaGPL | ||
| 082 | 0 | 4 |
_221 _a370.118\ _bس أ |
| 100 | 0 | _aسمية حسين محمد خليل . | |
| 245 | 1 | 0 |
_aاساسيات التثقيف المجتمعى بالفن التشكيلى / _cسمية حسين محمد خليل . |
| 250 | _aط1. | ||
| 260 |
_aالقاهرة : _bمكتبة الانجلو المصرية ، _c2010. |
||
| 300 |
_a308 ص ؛ _c24 سم . |
||
| 650 | 0 | 4 | _aالفنون التشكيلية . |
| 650 | 0 | 4 | _aالتصوير . |
| 650 | 0 | 4 | _aالنحت . |
| 650 | 0 | 4 | _aالحفر . |
| 650 | 0 | 4 | _aالفنون الجميلة . |
| 650 | 0 | 4 |
_aالفنون التشكيلية _xالجوانب الثقافية . |
| 942 |
_2ddc _cBK |
||
| 999 |
_c61523 _d61523 |
||